000 00364cam a2200145ua 4500
003 OSt
005 20260213112954.0
008 260213b |||||||| |||| 00| 0 eng d
041 _aeng
082 _a630.72
_bICA/IC
245 _aICAR now and ahead /
260 _aNew Delhi :
_bIndian Agricultural Research Institute ,
_c1997.
300 _a168 ; .
942 _cBK
999 _c12063
_d12063